=LDR 00000nam 2200000 4500 =001 INLIS000000000061436 =005 20221017020048 =035 ##$$a 0010-1022000177 =007 ta =008 221017###########################0###### =020 ##$$a 978-623-5503-60-8 =082 ##$$a 899. 221 3 =084 ##$$a 899. 221 3 CHR a =100 #$$a Chrysander, Novi Ovi N'Naira, Iecha =245 1#$$a A Song For You : $b Antologi Cerpen /$c Chrysander =260 ##$$a Mataram :$b Novelindo Publishing,$c 2022 =300 ##$$a 378 halaman ; $c 21 cm =650 #4$$a Fiksi - Indonesia =990 ##$$a 24532453 =990 ##$$a 349/51/2022